| 000 | 02141nam a22003137a 4500 | ||
|---|---|---|---|
| 999 |
_c21722 _d21722 |
||
| 003 | AR-CdUCM | ||
| 008 | 190425b ||||| |||| 00| 0 spa d | ||
| 040 |
_aMUNICIPALIDAD PROVINCIAL DEL CUSCO _cBIBLIOTECA MUNICIPAL DEL CUSCO |
||
| 082 |
_aRev.Univ/N°60/1931 _bRev.Univ/N°60/1931 |
||
| 110 |
_aUniversidad Nacional de San Antonio Abad del Cusco _915942 |
||
| 245 |
_aRevista Universitaria : _bÓrgano de la Universidad Menor del Cuzco fundada en 1692 / |
||
| 260 |
_aCusco : _bH. G. Rozas, _cjulio 1931. |
||
| 300 |
_a200 páginas. : _c20 cm. |
||
| 440 |
_aRevista Universitaria _nAño XX, 1° semestre 1931, N°60 _945860 |
||
| 505 | _aContenido: El Inca Garcilaso de la Vega. Fortunato L. Herrera. -- Raza y lengua probables de la civilización de Tiahuanaco. José de la Riva Agüero. -- Antonio Lorena, su labor botánico. Fortunato L. Herrera. -- Spermatophytes, Mostly Peruvian. Francisco Macbride. -- Studien zu einer monographie del Lobelioideen. F. E. Wimmer. -- Musgos de la convención. C. Bues. -- Algunas Goccidae de la Convención. Ingro. C. Bues. -- Una antigua ciudad de los Incas. Federico Ponce de León. -- Estudios sobre la flora del departamento de Cuzco. Fortunato L. Herrera. -- Algunos materiales para la Antropología del Cusco. Antonio Lorena. -- Un importantísimo muro Inca en Calca. Víctor M. Guillen. -- Caros Fry. Botánica Cuzqueña. Fortunato L. Herrera. -- Riquezas Cusqueñas del Oriente cusqueño. Carlos Fry. -- La lengua y la literatura quechuas. José Gabriel Cosió. -- Documentos oficiales. -- Museos. -- Relación de obras y publicaciones recibidas por la Universidad. | ||
| 650 |
_aInca Gacilaso de la Vega _945861 |
||
| 650 |
_aTiawanaku _934996 |
||
| 650 |
_aBotánica cusqueña _945807 |
||
| 650 |
_aInkas _91899 |
||
| 650 |
_aAntropología cusqueña _945862 |
||
| 650 |
_aLiteratura quechua _97789 |
||
| 700 |
_aFortuna L. Herrera _945863 |
||
| 700 |
_aAntonio Lorena _945864 |
||
| 700 |
_aGuillen M. Víctor _945865 |
||
| 700 |
_aJosé Gabriel Cosio _945866 |
||
| 710 |
_aUniversidad Nacional de San Antonio Abad del Cusco _915942 |
||
| 942 |
_2ddc _cPP |
||
| 945 | _apuh | ||